00298 a2200097 4500001001000000005001700010008004100027245004600068100001900114773006700133ART_1271520260410161909.0260409a 10aA picture of male unemployment in Britain1 aNickell, S. J.0 tThe Economic Journalg- Vol. 90, NÂș 360 (dic. 1980)wREV12512